Quizzes
Events
Quiz Creation
Community
Videos
Private Events
Remove Ads
Sign In
Join for FREE
Feedback
Dark Mode
Quiz Categories
Sports
Geography
Music
Movies
Television
Just For Fun
Miscellaneous
History
Literature
Language
Science
Gaming
Entertainment
Religion
Holiday
For Kids
Quiz Lab
Recent
Popular Today
Quiz Kudos Today
Editor Picks
Curator Picks
Quizzes by...
Day
Popularity
Type
Ratings
Length
Year
Community
Subscriptions
Recent Discussions
Orange Saloon
Badges
Playlists
Quests
Create
Leaderboards
Showdown
Live 5
Trivia Bingo
Activity
Puzzle Library
Sporcle Events
Private Events
Virtual Trivia
Globe League
Become a Host
Pub Owners
SporcleCon
Opinionation
Our Games
Videos
Blog
Mobile Apps
Partnerships
Remove Ads and Go Orange
Feedback
Movies
Disney
Marvel Cinematic Universe
Movie Resume
Movie Titles
Oscar
Actor
Actress
Director
Pixar
Role
Movie Quotes
Movie Characters
Box Office
Nominee
Best Picture
Star Wars
James Bond
Horror Movies
Movies
Disney
Marvel Cinematic Universe
Movie Resume
Movie Titles
Oscar
Actor
Actress
Director
Pixar
Role
Movie Quotes
Movie Characters
Box Office
Nominee
Best Picture
Star Wars
James Bond
Horror Movies
Random Quiz
Search Sporcle
×
Quiz Lab
Quiz Lab
Movies
Actor
Type in answers that appear in a list
Type in answers that appear in a list
Classic
Best Score? Go Orange.
Movies Released Posthumously Stats
Can you name the Movies Released Posthumously?
By
Mibelle816
10m
34 Questions
220 Plays
220 Plays
220 Plays
Comments
Comments
Give Quiz Kudos
Give Quiz Kudos
-
- Ratings
hide this ad
More Info
Replay
Link that replays current quiz
Next Quiz
Link to next quiz in quiz playlist
You Got
0%
They Got
Avg Score
33%
Avg Friend Score
Upgrade to see
Score Distribution
Jump to the score distribution portion of the page
Score
0/34
Timer
10:00
0
Plays Today
Movie(s) released
Late Actor
% Correct
The Dark Knight, The Imaginarium of Doctor Parnassus
Heath Ledger (d.2008 - aged 28)
95.9%
Enter the Dragon, Game of Death
Bruce Lee (d. 1973 - aged 32)
80.9%
The Crow
Brandon Lee (d.1993 - aged 28)
80%
Rebel Without a Cause, Giant
James Dean (d.1955 - aged 24)
76.4%
Wagons East, Canadian Bacon
John Candy (d.1994 - aged 43)
64.5%
Soul Men, Madagascar 2: Escape 2 Africa, Old Dogs
Bernie Mac (d.2008 - aged 50)
62.7%
Queen of the Damned
Aaliyah (d.2001 - aged 22)
57.7%
Almost Heroes, Dirty Work
Chris Farley (d.1997 - aged 33)
50.5%
Guess Who's Coming to Dinner
Spencer Tracy (d.1967 - aged 67)
48.2%
Plan 9 From Outer Space
Bela Lugosi (d.1956 - aged 73)
41.4%
The Deer Hunter
John Cazale (d.1978 - aged 42)
40.9%
Bad Santa, Clifford's Really Big Movie
John Ritter (d.2003 - aged 54)
38.6%
The Misfits
Clark Gable (d.1960 - aged 59)
37.7%
Son of the Sheik
Rudolph Valentino (d.1926 - aged 31)
33.6%
Brainstorm
Natalie Wood (d.1981 - aged 43)
33.2%
The Transformers: The Movie
Orson Welles (d.1985 - aged 70)
32.3%
Gladiator
Oliver Reed (d.1999 - aged 61)
30.9%
Movie(s) released
Late Actor
% Correct
The Twilight Zone
Vic Morrow (d.1982 - aged 53), Myca Dinh Le (d.1982 - aged 7), Renee Shin-Ye Chen (d.1982 - aged 6)
30%
1984
Richard Burton (d.1984 - aged 58)
23.6%
Small Soldiers, Kiki's Delivery Service
Phil Hartman (d.1998 - aged 49)
22.3%
Poltergeist III
Heather O'Rourke (d.1988 - aged 12)
21.4%
Deadline, Abandoned
Brittany Murphy (d.2009 - aged 32)
20%
Silent Tongue
River Phoenix (d. 1993 - aged 23)
18.6%
Soul Men
Isaac Hayes (d.2008 - aged 65)
17.3%
Nobodys Fool, Camilla
Jessica Tandy (d.1994 - aged 85)
16.4%
Saratoga
Jean Harlow (d.1937 - aged 26)
15.9%
Jetsons: The Movie
George O'Hanlon (d.1989 - aged 76), Mel Blanc (d.1989 - aged 81)
15%
The Informers
Brad Renfro (d.2008 - aged 25)
10.5%
Alpha and Omega
Dennis Hopper (d.2010 - aged 74)
10%
The Thirteen Chairs
Sharon Tate (d. 1969 - aged 26)
6.4%
Happy Feet
Steve Irwin (d. 2006 - aged 44)
5.9%
Lords of Dogtown
Mitch Hedberg (d.2005 - aged 37)
5%
All Roads Lead Home
Peter Boyle (d.2006 - aged 71)
4.1%
Harry Potter and the Half Blood Prince
Rob Knox (d.2008 - aged 18)
4.1%
Quiz Playlist
Details
Report
Send in Message
Add To Playlist
More Info:
Can you name the actors who had one or more movies released after their deaths?
Classic:
Type in answers that appear in a list
Last Updated: Feb 16, 2017
Quiz Scoreboard
CHALLENGE
Sign Up to Join the Scoreboard
Show All
Scores
Hide
Comments
May contain spoilers
Recently Published
College Basketball Coaching Resumes
by pancakes188
Sports
9m
Billboard Blitz: Fleetwood Mac
by CooCooCachoo
Music
15s
Presidents Visiting Landmarks
by Hejman
History
7m
More to Explore
Quiz From the Vault
Featured Blog Post
Where Did the Easter Bunny Come From?
hide this ad
You Might Also Like...
Tags
Actor Quiz
late
Posthumously
Released
Today's Top Quizzes in Movies
Browse Movies
hide this ad
Today's Top Quizzes in Actor
Browse Actor
Top Contributed Quizzes in Movies
1
Pick 5 Posters: Directed by Spielberg
2
7-to-1: Pixar Characters
3
Pick 5 Posters: Lowest-Rated Spielberg
4
Sorting Actors
5
Pick 5 Posters: Directed by Scorsese
6
Sorting Actresses
7
Pick 5 Posters: Star & Director
8
Pick 5 Posters: Women Directed 2020s
9
12 Movies about Fictional 1960s Events
10
Multi-Oscar Nominations, One Movie, One Winner
Explore More
Trending Topics
Kpop
Marvel
Crossword
NBA
Disney
Harry Potter
Anime
Pokémon
Song
Country
WWE
The Office
Puzzle
Soccer
NFL
hide this ad
More By:
Mibelle816
Quiz
Plays
Rating
Category
Featured
Created
Animated Tearjerkers (with pictures)
1,782
3.86
Entertainment
Aug 10, 2010
Songs that reference other songs
1,116
3.85
Music
Aug 9, 2010
Artists name-checked in songs
366
3.89
Music
Aug 9, 2010
Movies Released Posthumously
220
5.00
Movies
Aug 10, 2010
Superheroes that span generations
143
4.67
Entertainment
Aug 10, 2010
Go to Creator's Profile
Score Distribution
Quiz Creator Spotlight
Mibelle816
Follow
Send a Message
Quizzes Created
-
Created Quiz Play Count
-
More By This Creator
Popular Quizzes Today
1
Find the US States - No Outlines Minefield
2
Find the Countries of Europe - No Outlines Minefield
3
The Countries of the World
4
Find the US States
5
Risky Map Clicking: Biggest States A-Z
6
US States
7
Popular People in 1961
8
Movies - When Are They Set?
More Movies Quizzes
Logos Through the Ages: Paramount Pictures
Editor's Pick
Trending Quizzes
Risky Map Clicking: Least Populous States A-Z
1-10 Letter G Words
1-10 Letter F Words
Risky Map Clicking: Next State Alphabetically
Risky Map Clicking: Biggest States A-Z
Recently Updated
Leaping Animals
pecheneg
Reality TV Shows (A-Z)
bhenderson79
Rickey Henderson's Hall of Fame Teammates
pecheneg
Champions League XIs: Arsenal
pecheneg
Quick Pick: Celebrities in WWE's Hall of Fame
aduchscher
A-Z Keypad Blitz II
pecheneg
Multiple Oscar Actors
pecheneg
Mystery Phrase Blitz: Oscar 'Best Actors'
pecheneg
F. Scott Fitzgerald Novels
LTH
Pick 3 Villains
ddd62291
Trending Topics
Crossword
Marvel
Kpop
NBA
Anime
Harry Potter
Disney
The Office
Soccer
Pokémon
NFL
Puzzle
Song
WWE
Country
Your Account Isn't Verified!
In order to create a playlist on Sporcle, you need to verify the email address you used during registration. Go to your
Sporcle Settings
to finish the process.
Report this User
Report this user for behavior that violates our
Community Guidelines
.
Details:
Send Report
Go to the Sporcle.com Mobile Site →
Comments